000 00638nam a2200241Ia 4500
003 OSt
005 20221005123021.0
006 a|||||r|||| 00| 0
007 ta
008 221004b |||||||| |||| 00| 0 mal d
024 _a58954
037 _cTextual
040 _aCRL
_cCRL
_bmal
041 _2mal
_amal
082 _aU8.212.N7, 32K8
100 _aDivakaran Kattakkada Au.
_9632999
245 0 _aKeraleeyagramangalilude
260 _c1968
650 _a MALAYALAM LITERATURE
_938866
650 _aGEOGRAPHY
942 _hU8.212.N7, 32K8
_cTEXL
_2cc
999 _c1046137
_d1046137